Geografía del populismo: un viaje por el universo del populismo desde sus orígenes hasta Trump

Bewaard in:
Bibliografische gegevens
Hoofdauteurs: Rivero, Angel (Auteur), Zarzalejos, Javier (Auteur), Palacio, Jorge del (Auteur)
Formaat: Boek
Taal:Spaans
Gepubliceerd in: Madrid Tecnos 2017
Editie:1a. ed
Onderwerpen:
Tags: Voeg label toe
Geen labels, Wees de eerste die dit record labelt!

MARC

LEADER 00000cam a2200000 a 4500
001 UCC5829
003 CL-VaPUC
008 181031e20170000sp |||||||||||||||||spa|d
020 |a 9788430971596 
082 0 4 |a 320.53  |b RIV  |2 21 
100 0 |a Rivero, Angel  |e author  |9 600218 
700 0 |a Zarzalejos, Javier  |e author  |9 600219 
700 0 |a Palacio, Jorge del  |e author  |9 600220 
245 1 0 |a Geografía del populismo: un viaje por el universo del populismo desde sus orígenes hasta Trump 
250 |a 1a. ed 
300 |a 455 p 
942 |c BK 
945 |d 20181031 17:21:00  |a dcastane 
260 |a Madrid  |b Tecnos  |c 2017 
650 7 |a COLECTIVISMO  |2 CL-VaPUC  |9 255685 
650 0 |a Populismo  |9 403172 
650 0 |a Doctrinas políticas  |9 255835 
650 0 |a Ideologías políticas   |9 255735 
583 |a last modification  |c 20181031 17:21:00  |k Rodrigo Vera 
999 |c 372938  |d 372936 
952 |0 0  |1 0  |3 erb  |4 0  |6 320_530000000000000_RIV_2017  |7 0  |8 A  |9 490830  |a BIBCUR  |b BIBCUR  |i 5511364  |l 1  |o 320.53 RIV 2017  |p 5511364  |r 2025-04-22  |s 2023-05-05  |w 2019-11-24  |y BK  |z Catalogado en:20181031  |k PER